|
|
|
|
| LEADER |
00724nam a2200217Ia 4500 |
| 001 |
CTU_42837 |
| 008 |
210402s9999 xx 000 0 und d |
| 020 |
|
|
|c 24000
|
| 082 |
|
|
|a 346.597086
|
| 082 |
|
|
|b Ph121
|
| 100 |
|
|
|a Nguyễn, Văn Phần
|
| 245 |
|
0 |
|a Tìm hiểu về chế độ bảo hiểm xã hội mới :
|
| 245 |
|
0 |
|b Giải đáp pháp luật
|
| 245 |
|
0 |
|c Nguyễn Văn Phần, Đặng Đức San
|
| 260 |
|
|
|a Thành phố Hồ Chí Minh
|
| 260 |
|
|
|b Nhà xuất bản Thành phố Hồ Chí Minh
|
| 260 |
|
|
|c 1995
|
| 650 |
|
|
|a Insurance
|
| 650 |
|
|
|z Vietnam
|
| 904 |
|
|
|i Giang sửa
|
| 980 |
|
|
|a Trung tâm Học liệu Trường Đại học Cần Thơ
|